The Latin America cultural studies reader
সংরক্ষণ করুন:
| প্রধান লেখক: | |
|---|---|
| অন্যান্য লেখক: | , |
| বিন্যাস: | অজ্ঞাত |
| প্রকাশিত: |
Durham
Duke University Press
2004
|
| বিষয়গুলি: | |
| ট্যাগগুলো: |
ট্যাগ যুক্ত করুন
কোনো ট্যাগ নেই, প্রথমজন হিসাবে ট্যাগ করুন!
|
MARC
| LEADER | 000000000a22000000004500 | ||
|---|---|---|---|
| 001 | 001988 | ||
| 020 | |a 0822333406 | ||
| 041 | 0 | |a inglés | |
| 092 | 0 | |a 980 L352-L | |
| 700 | 1 | 2 | |a Sarto, Ana del, 1967- |e editor |
| 700 | 1 | 2 | |a Ríos, Alicia, 1958- |e editor |
| 100 | 1 | |a Trigo, Abril | |
| 245 | 1 | 0 | |a The Latin America cultural studies reader |
| 260 | |a Durham |b Duke University Press |c 2004 | ||
| 300 | |a 818 páginas |b ilustraciones, mapas | ||
| 500 | |a La Biblioteca contiene un ejemplar (Fotocopia) con número de inscripción 06131 donado por George Yúdice y 09104 / Incluye referencias bibliográficas (p. 765-840) e índice. | ||
| 650 | 4 | |a CULTURA | |
| 650 | 4 | |a ESTUDIO Y ENSEÑANZA | |
| 651 | 4 | |a AMERICA LATINA | |
| 650 | 4 | |a CIVILIZACION | |
| 999 | |c 2871 |d 2871 | ||



